00575nam a2200145Ia 4500008004100000024005600041082001800097100006400115245003700179260002600216600002500242650003800267856010700305999001700412260210s9999 xx 000 0 und d a17B-044-SE, 17B-057-SE, 17B-022-SE & 17B-031-SE a005.21072 RIF aRiffat Siddiqui, Faizan Abid, Ibad Hashmi & Komal Tahir 0aCeramic Tiles Quality Inspection aKarachi:bUITU,c2017 aSoftware Engineering aBachelor of Computer Science (BS) uhttps://drive.google.com/file/d/192aYJh_lSAJ9Uhva3BgFWjp27CrH2SpC/view?usp=sharingyClick here for PDF c33452d33452